Statistiques concernant Villes françaises les plus peuplées par rapport à leur département

Cliquez ici pour prendre le quiz!

Statistiques générales

  • Ce quiz a été pris 11 847 fois
  • Le résultat moyen est 15 sur 30

Statistiques - réponses

Pourcentage par rapport au départementVilles% Correct
100,00%Paris
100%
42,65%Marseille
97%
28,00%Lyon
95%
35,19%Toulouse
84%
31,39%Nice
83%
24,96%Strasbourg
83%
22,18%Nantes
81%
20,45%Rennes
80%
24,90%Montpellier
70%
22,01%Clermont-Ferrand
54%
29,40%Dijon
54%
32,07%Reims
50%
22,62%Saint-Étienne
50%
25,33%Perpignan
44%
22,39%Tours
44%
23,42%Amiens
41%
20,24%Nîmes
41%
44,93%Ajaccio
36%
35,30%Limoges
36%
25,73%Bastia
33%
25,23%Le Mans
31%
20,21%Poitiers
31%
21,51%Besançon
26%
33,41%Belfort
25%
22,80%Cayenne
20%
21,48%Fort-de-France
20%
21,22%Bourges
19%
28,95%Gap
17%
27,85%Mamoudzou
14%
23,54%Montauban
10%

Distribution des résultats

Percentile par nombre de réponses

% des personnes avec chaque résultat

Votre développement - résultats

Vous n’avez pas pris ce quiz